| 000 | 01668nam a2200313 i 4500 | ||
|---|---|---|---|
| 003 | DO-SdBNP | ||
| 005 | 20251106094005.0 | ||
| 007 | ta | ||
| 008 | 210317b2020 dr||||| |||| 00| 0 spa d | ||
| 020 | _a9789945807295 | ||
| 040 |
_aDO-SdBNP _bspa _cBNPHU _erda |
||
| 041 | _aspa | ||
| 082 | 4 |
_a616.998 _bY47a _222 |
|
| 100 | 1 |
_aYermenos Forastieri, Pablo _eautor _4aut. _936154 |
|
| 245 | 1 | 0 |
_aApuntes dermatoleprológicos : _bla supuesta lepra de los hermanos Deligne , lepra e intervención / _cPablo Yermenos Forastieri ; diagramación y diseño de cubierta, Juan Francisco Domínguez Novas. |
| 264 | 4 |
_aSanto Domingo, República Dominicana : _bEditora Búho, _c©2020. |
|
| 300 |
_a119 páginas : _bilustraciones ; _c23 cm. |
||
| 336 |
_atexto _btxt _2rdacontent |
||
| 337 |
_asin mediación _bn _2rdamedia |
||
| 338 |
_avolumen _bnc _2rdacarrier |
||
| 500 | _aIncluye índice onomástico | ||
| 504 | _aBibliografía: páginas 111-115 | ||
| 505 | 0 |
_aDedicatoria -- _tIntroducción -- _tLa formación -- _tEl lamento -- _tEstudio de un enfermo de la piel -- _tEvolución histórica -- _tEsteroides en dermatología -- _tLos hermanos Deligne y los intelectuales -- _tActividades culturales, sociales y políticas -- _tLos médicos y sus opiniones -- _tLa lepra y la religión -- _tObservaciones -- _t La lepra y los hermanos Deligne -- _tLepra e intervención -- _tLa debacle documental de Morgan -- _tSugerencia -- _tComentarios -- |
|
| 590 | _aInventariado, 2021 /LP | ||
| 650 | 4 |
_aLepra _zRepública Dominicana _982179 |
|
| 700 |
_aDomínguez Novas, Juan Francisco _ediagramador _4di _973382 |
||
| 910 | _aLPérez. Validado. Control de calidad MFF | ||
| 942 |
_2ddc _cLBS1 |
||
| 999 |
_c49598 _d49598 |
||